| 000 | 00612nam a2200157 a 4500 | ||
|---|---|---|---|
| 005 | 20140414131852.0 | ||
| 008 | 100806s19uu xx 00 eng d | ||
| 050 |
_aM 646.7 _bJ38 2008 |
||
| 100 | _aJeffrie,Sally | ||
| 245 |
_aThe girl's book of glamour : _ba guide to being a goddess / _cwritten by Sally Jeffrie ; illustrated by Nellie Ryan; edited by Liz Scoggins; designed by Zoe Quayle. |
||
| 250 | _a1st American ed. | ||
| 260 |
_aNew York : _bScholastic, _c2008. |
||
| 650 |
_aPreteens _xLife skills guides _xJuvenile literature |
||
| 650 |
_aGirls _xLife skills guide _xJuvenile literature |
||
| 999 |
_c110269 _d110269 |
||